000 00268nam a2200097Ia 4500
001 1106948
005 20250827003448.0
008 250824s9999 xx 000 0 und d
245 0 _aEZOP MASALLARI
_cHASAN AVNİ YÜKSEL
260 _bMİLLİ EĞİTİM BAKANLIĞI YAYINLARI
999 _c1106948
_d1106948